000 00789cab a2200229 4500
001 ABS41576
008 090401t1989 xxu||||| |||| 00| 0 eng d
035 _a(Sirsi) u30999
041 _aeng
100 _aHayton, K.
245 _aImplications of the Local Government and Housing Bill for local economic development
260 _c1989
350 _a0
490 _aLocal Economy
_v4(1) May 1989, 5-16(7)
520 _aConsiders, in detail, the content of the Local Government and Housing Bill and at the impact on economic development and local government in particular. References.
650 _aLOCAL AUTHORITIES
650 _aTRAINING AND ENTERPRISE COUNCILS
650 _aWIDDICOMBE COMMITTEE
690 _aPLANNING LAW AND PRACTICE
942 _n0
948 _c04/03/1997
999 _c20850
_d20850